| 000 | 00900nam a2200229 i 4500 | ||
|---|---|---|---|
| 001 | 106479 | ||
| 003 | ES-MaACL | ||
| 005 | 20230906184148.0 | ||
| 007 | t| | ||
| 008 | 061124s1954 sp ||||1| spa d | ||
| 080 | _a336.713(460) | ||
| 100 | 1 |
_aSanz, Angel B. _9103562 |
|
| 245 | 1 | 3 |
_aUn caso de excepción en torno a la decadencia económica de España : _bla banca y su pujanza / _cÁngel B. Sanz. |
| 260 |
_aMadrid : _b[s.n.], _c1954. |
||
| 300 |
_a38 p. ; _c24 cm. |
||
| 594 | _aConferencia pronunciada en el Ateneo de Madrid el 2 de marzo de 1954, dentro del ciclo de conferencias sobre "Más en torno a la no decadencia económica de España" | ||
| 595 | _aSeparata de: Revista de economía. | ||
| 610 | 2 | 4 |
_aAteneo de Madrid- _vConferencias- _y1940-1982. _91908 |
| 650 | 4 |
_aBanca privada- _zEspaña. _910483 |
|
| 650 | 4 |
_aBancos- _zEspaña- _yS.XX. _9167658 |
|
| 852 | 4 |
_aES-MaACL _j2210-F-5 |
|
| 999 |
_c106479 _d106479 |
||